000 01353cam a2200361 a 4500
001 5956
003 FISKH
005 20250211111129.0
008 071203s2008 nyu c 000 1 eng
010 _a 2007042957
020 _a9781423101468 (reinforced bdg.)
020 _a1423101464 (reinforced bdg.)
020 _a9780545799041
035 _a(OCoLC)ocn180753884
035 _a(OCoLC)180753884
040 _aDLC
_cDLC
_dIG#
_dBTCTA
_dBAKER
_dBIB
_dUPZ
_dYDXCP
_dWIQ
_dEHH
_dB2A
_dDLC
_beng
050 _aPZ7.R4829 B
082 0 0 _a813.6
100 1 _aRiordan, Rick
_d(1964-)
245 1 4 _aPercy Jackson and the olympians :
_bThe battle of the Labyrinth /
_cRick Riordan.
250 _aThis edition first published in 2009
260 _aNew York :
_bScholastic,
_c2008.
300 _a361 pages :
_c20 cm
505 _aN
520 _aWhen demonic cheerleaders invade his high school, Percy Jackson hurries to Camp Half Blood, from whence he and his demigod friends set out on a quest through the Labyrinth, while the war between the Olympians and the evil Titan lord Kronos draws near.
521 8 _a590
_bLexile
521 8 _aN
_bRaz-Plus
650 0 _aMythology, Greek
_vJuvenile fiction.
650 0 _aLabyrinths
_vJuvenile fiction.
906 _a7
_bcbc
_corignew
_d1
_eecip
_f20
_gy-gencatlg
942 _2ddc
_cBK
_n0
999 _c5956
_d5956